000 00431nam a2200157 i 4500
001 100534
003 ES-MaACL
005 20230906182707.0
007 t|
008 050929s1927 es ||||1| spa d
100 1 _aMasferrer, Alberto.
_978709
245 1 3 _aEl dinero maldito /
_cAlberto Masferrer.
260 _aSan Salvador :
_b[s.n.],
_c1927 (
_fImp. Republicana)
300 _a82 p. ;
_c15 cm.
852 _aES-MaACL
_j1730-F-5
999 _c100534
_d100534